000 00306nam a22001337a 4500
008 170830b xxu||||| |||| 00| 0 eng d
020 _a9781629581637
041 _aeng
080 _a070
100 _a39
101 _aMED
245 _aTHE DEVELOPMENT OF COMMUNICATION
_cWATERSON,N
942 _2udc
_cBK
999 _c25572
_d25572